<?xml version="1.0" encoding="UTF-8"?><?xml-stylesheet type="text/xsl" href="static/style.xsl"?><OAI-PMH xmlns="http://www.openarchives.org/OAI/2.0/" xmlns:xsi="http://www.w3.org/2001/XMLSchema-instance" xsi:schemaLocation="http://www.openarchives.org/OAI/2.0/ http://www.openarchives.org/OAI/2.0/OAI-PMH.xsd"><responseDate>2026-04-13T07:03:01Z</responseDate><request verb="GetRecord" identifier="oai:www.recercat.cat:10256/1172" metadataPrefix="marc">https://recercat.cat/oai/request</request><GetRecord><record><header><identifier>oai:recercat.cat:10256/1172</identifier><datestamp>2024-05-22T09:51:58Z</datestamp><setSpec>com_2072_452966</setSpec><setSpec>com_2072_2054</setSpec><setSpec>col_2072_452967</setSpec></header><metadata><record xmlns="http://www.loc.gov/MARC21/slim" xmlns:dcterms="http://purl.org/dc/terms/" xmlns:xsi="http://www.w3.org/2001/XMLSchema-instance" xmlns:doc="http://www.lyncode.com/xoai" xsi:schemaLocation="http://www.loc.gov/MARC21/slim http://www.loc.gov/standards/marcxml/schema/MARC21slim.xsd">
   <leader>00925njm 22002777a 4500</leader>
   <datafield ind2=" " ind1=" " tag="042">
      <subfield code="a">dc</subfield>
   </datafield>
   <datafield ind2=" " ind1=" " tag="720">
      <subfield code="a">Masó Donadeu, Albert</subfield>
      <subfield code="e">author</subfield>
   </datafield>
   <datafield ind2=" " ind1=" " tag="260">
      <subfield code="c">2008-09</subfield>
   </datafield>
   <datafield ind2=" " ind1=" " tag="520">
      <subfield code="a">Aquest estudi se centra en el document del CTE que es refereix a les estructures&#xd;
metàl·liques d’acer, concretament en els càlculs a tenir en compte a l’hora de realitzar pòrtics d’estructura d’edificació amb perfils metàl·lics laminats. Aquest document és el DB-SE-A, que són les sigles de “Document Bàsic Seguretat Estructural Acer”. Aquest document introdueix algunes modificacions en el mètode de càlcul de les estructures metàl·liques respecte l’antiga norma.&#xd;
La idea d’aquest estudi és fer una comparació entre les dues normes – la vella i ja derogada, i la nova i vigent – i com tracten el càlcul d’esforços en segon ordre i el tractament de les imperfeccions.&#xd;
Com ja s’ha comentat aquest Document Bàsic de la Seguretat Estructural en Acer del CTE (DB-SE-A) substitueix l’antiga norma que es referia al càlcul d’estructura metàl·lica, la NBE-EA-95. En l’aplicació de les accions i el càlcul d’esforços s’utilitza del CTE el Document Bàsic dedicat a les accions en l’edificació (DB-SE-AE) i que substitueix l’antiga NBE-AE-88</subfield>
   </datafield>
   <datafield ind1="8" ind2=" " tag="024">
      <subfield code="a">http://hdl.handle.net/10256/1172</subfield>
   </datafield>
   <datafield tag="653" ind2=" " ind1=" ">
      <subfield code="a">Construccions metàl·liques</subfield>
   </datafield>
   <datafield tag="653" ind2=" " ind1=" ">
      <subfield code="a">Esforç i tensió</subfield>
   </datafield>
   <datafield tag="653" ind2=" " ind1=" ">
      <subfield code="a">Building, Iron and steal</subfield>
   </datafield>
   <datafield ind2="0" ind1="0" tag="245">
      <subfield code="a">Aplicació del càlcul d’esforços en 2n ordre en estructures metàl·liques segons el CTE i NBE-EA-95</subfield>
   </datafield>
</record></metadata></record></GetRecord></OAI-PMH>